Complete the story title (Sherlock Holmes) - Statistics

General Stats
  • This quiz has been taken 65 times
  • The average score is 9 of 16
Answer Stats
Story Title % Correct
A Scandal in {Bohemia}
88%
The Red-Headed {League}
78%
The Adventure of the Speckled {Band}
76%
The Final {Problem}
73%
The Five Orange {Pips}
68%
The Adventure of the Dancing {Men}
66%
The Man with the Twisted {Lip}
59%
His Last {Bow}
58%
The Adventure of the Six {Napoleons}
58%
The Adventure of the Empty {House}
53%
The Adventure of the Copper {Beeches}
46%
The Adventure of the Crooked {Man}
46%
The Adventure of the Norwood {Builder}
44%
The Adventure of the Bruce-Partington {Plans}
42%
The Adventure of the Naval {Treaty}
41%
The Adventure of Silver {Blaze}
39%
No matching quizzes found
Score Distribution
Percent of People with Each Score
Percentile by Number Answered
Your Score History
You have not taken this quiz